000 00440nam a22001817a 4500
999 _c7216
_d7216
003 GBCCL
005 20241126110622.0
008 180718b ||||| |||| 00| 0 eng d
040 _cgbc
082 _a657.45
_bDEE
110 _aDeepak Commerce Classes
_912774
245 _aAuditing
250 _a3rd. rev. ed.
260 _aBombay:
_bDeepak Commerce Classes
300 _a284 p.;
_c26 cm.
650 _aAuditing
_912775
942 _2ddc
_cBK